Writing the modern research paper (Record no. 4829)
[ view plain ]
| 000 -LEADER | |
|---|---|
| fixed length control field | 00449 a2200169 4500 |
| 020 ## - INTERNATIONAL STANDARD BOOK NUMBER | |
| International Standard Book Number | 0205261426 |
| 040 ## - CATALOGING SOURCE | |
| Original cataloging agency | DLC |
| Language of cataloging | DLC |
| 082 00 - DEWEY DECIMAL CLASSIFICATION NUMBER | |
| Classification number | 808/.02 |
| 100 1# - MAIN ENTRY--PERSONAL NAME | |
| Personal name | Dees, Robert. |
| 245 10 - TITLE STATEMENT | |
| Title | Writing the modern research paper |
| Statement of responsibility, etc. | Robert Dees. |
| 250 ## - EDITION STATEMENT | |
| Edition statement | 2nd ed. |
| 260 ## - PUBLICATION, DISTRIBUTION, ETC. | |
| Place of publication, distribution, etc. | Boston : |
| Name of publisher, distributor, etc. | Allyn and Bacon, |
| Date of publication, distribution, etc. | c1997. |
| 300 ## - PHYSICAL DESCRIPTION | |
| Extent | xii, 404 p. : |
| Other physical details | ill. (some col.) ; |
| Dimensions | 23 cm. |
| 650 #0 - SUBJECT ADDED ENTRY--TOPICAL TERM | |
| Topical term or geographic name entry element | Report writing. |
| 650 #0 - SUBJECT ADDED ENTRY--TOPICAL TERM | |
| Topical term or geographic name entry element | Research. |
| 942 ## - ADDED ENTRY ELEMENTS (KOHA) | |
| Koha item type | Book |
| Call number prefix | 808.02 DEE |
| Source of classification or shelving scheme | |
| Withdrawn status | Lost status | Damaged status | Not for loan | Collection code | Permanent Location | Current Location | Shelving location | Date acquired | Source of acquisition | Cost, normal purchase price | Total Checkouts | Full call number | Barcode | Date last seen | Date last checked out | Price effective from | Koha item type | Total Renewals |
|---|---|---|---|---|---|---|---|---|---|---|---|---|---|---|---|---|---|---|
| Central Library (CL) | Central Library (CL) | General Stacks | 02/11/2002 | Academic Book Company | 1658.36 | 1 | 808.02 DEE | SEECS001767 | 10/13/2019 | 08/02/2019 | 01/05/2017 | Book | ||||||
| NUST Law School (NLS) | NUST Law School (NLS) | General Stacks | 09/23/2005 | Academic Book company | 1407.97 | 2 | 808.02 DEE | SEECS006460 | 01/22/2025 | 02/25/2021 | 01/05/2017 | Book | 1 |
